[Event "SVK-chT5 A22 2223"]
[Site "Slovakia"]
[Date "2022.12.17"]
[Round "4.5"]
[White "Lacza, Tichomir"]
[Black "Zelensky, Filip"]
[Result "0-1"]
[WhiteElo "1000"]
[BlackElo "1364"]
[PlyCount "90"]
[EventDate "2022.10.15"]
[EventType "team-tourn"]
[EventRounds "9"]
[EventCountry "SVK"]
[SourceTitle "EXT 2024"]
[Source "ChessBase"]
[SourceDate "2023.10.10"]
[SourceVersion "1"]
[SourceVersionDate "2023.10.10"]
[SourceQuality "1"]
[WhiteTeam "Topolniky Vrakun II"]
[BlackTeam "Cifer IV"]
[WhiteTeamCountry "SVK"]
[BlackTeamCountry "SVK"]

1. e4 e5 2. Nf3 Nc6 3. d4 exd4 4. Nxd4 Nxd4 5. Qxd4 d6 6. c4 Qf6 7. Be3 g6 8. Qd2 Bg7 9. Nc3 Ne7 10. Bg5 Qe5 11. f4 Qd4 12. Bxe7 Qxd2+ 13. Kxd2 Bxc3+ 14. Kxc3 Kxe7 15. Bd3 Re8 16. Rae1 b6 17. Re3 Bb7 18. Rhe1 Kd7 19. Kd2 Re7 20. g4 Rae8 21. f5 a5 22. a3 Re5 23. h4 c5 24. Bc2 Bc6 25. f6 h6 26. Kc3 R8e6 27. b4 Rxf6 28. g5 Rf4 29. gxh6 Rxh4 30. h7 Rxh7 31. Rf1 Ke7 32. Rf4 Reh5 33. b5 Bd7 34. Bd1 Rh3 35. Rff3 Rxf3 36. Bxf3 Rh3 37. Kd2 Kf6 38. Be2 Ke5 39. Rxh3 Bxh3 40. Ke3 g5 41. Bf3 g4 42. Bh1 Bf1 43. Kf2 Bxc4 44. Kg3 Bxb5 45. Kxg4 Bc6 0-1